| 000 | 00505nam a2200181 4500 | ||
|---|---|---|---|
| 005 | 20250127113513.0 | ||
| 010 | _aENG-143602 | ||
| 020 |
_a9783754364451 _c450.00 |
||
| 035 | _aEN-127134 | ||
| 037 | _bDBAD | ||
| 082 | _a649.1 | ||
| 100 |
_aKaifi, Abdul Khaliq _977085 |
||
| 245 |
_aOur travels with our children to India/ _cBy Abdul Khaliq Kaifi |
||
| 260 |
_aNorderstedt _bBooks on Demand |
||
| 270 | _bNorderstedt | ||
| 300 |
_a91p. _c22cm(pb) |
||
| 942 |
_2ddc _cEN _h649.1 _mKAI |
||
| 999 |
_c208787 _d208787 |
||